000 00198 a2200085 4500
020 _a978-3836576758
100 _aJulius Wiedemann
245 _aLogo Design: Global Brands
260 _bTaschen America Llc
999 _c13272
_d13272